000 00671nam a22002057a 4500
008 250821b |||||||| |||| 00| 0 eng d
020 _a9781472985286
040 _aCUZ
_beng
_crda
_dCUZ
_erda
050 _aLB1025.AKB
100 _aOmar Akbar
245 _aTeaching for realists :
_bmaking the education system work for you and your pupils
_cby Omar Akbar
264 _aLondon
_bBloomsbury Publishing
_c ©2021
300 _a107pages
336 _atext
_btxt
337 _aunmediated
_bn
338 _2rdacarrier
500 _aincludes index
650 _a Education
_aElementary
_aProfessional Development
942 _cOS
_i1025AKB
_kLB
999 _c45332
_d45332